Countries of the World Quiz - 40 Second Sprint - Statistics

General Stats
  • This quiz has been taken 25 times
  • The average score is 25 of 196
Answers on the Map
Answers color-coded by a green-red scale on the quiz's map according to % correct below.
 
Answer Stats
Country % Correct
Russia
93%
United States
86%
Canada
79%
Mexico
79%
China
71%
France
64%
United Kingdom
64%
Spain
57%
Brazil
50%
Ireland
50%
Japan
50%
Portugal
50%
Germany
43%
Iceland
43%
India
43%
United Arab Emirates
43%
Argentina
36%
Chile
36%
Iran
36%
Iraq
36%
Niger
36%
Ukraine
36%
Algeria
29%
Austria
29%
Bahrain
29%
Belgium
29%
Chad
29%
Denmark
29%
Finland
29%
Greece
29%
Hungary
29%
Italy
29%
Nigeria
29%
Norway
29%
Poland
29%
Andorra
21%
Australia
21%
Bulgaria
21%
New Zealand
21%
Oman
21%
Qatar
21%
Sweden
21%
Taiwan
21%
Yemen
21%
Afghanistan
14%
Albania
14%
Belize
14%
Bosnia and Herzegovina
14%
Central African Republic
14%
Colombia
14%
Cuba
14%
Democratic Republic of the Congo
14%
Estonia
14%
Fiji
14%
Ghana
14%
Israel
14%
Kosovo
14%
Latvia
14%
Libya
14%
Lithuania
14%
Mali
14%
Malta
14%
Monaco
14%
Nauru
14%
Netherlands
14%
Pakistan
14%
Romania
14%
Turkey
14%
Tuvalu
14%
Vatican City
14%
Venezuela
14%
Angola
7%
Antigua and Barbuda
7%
Azerbaijan
7%
Belarus
7%
Benin
7%
Bhutan
7%
Bolivia
7%
Cameroon
7%
Costa Rica
7%
Croatia
7%
Czech Republic
7%
Dominican Republic
7%
Ecuador
7%
Egypt
7%
El Salvador
7%
Guatemala
7%
Guinea
7%
Haiti
7%
Honduras
7%
Indonesia
7%
Jamaica
7%
Kuwait
7%
Kyrgyzstan
7%
Lebanon
7%
Liberia
7%
Luxembourg
7%
Mauritania
7%
Montenegro
7%
Morocco
7%
Namibia
7%
Nicaragua
7%
North Korea
7%
North Macedonia
7%
Palau
7%
Panama
7%
Peru
7%
Republic of the Congo
7%
Rwanda
7%
San Marino
7%
Senegal
7%
Serbia
7%
Singapore
7%
South Korea
7%
South Sudan
7%
Sudan
7%
Syria
7%
Tanzania
7%
Togo
7%
Turkmenistan
7%
Uganda
7%
Vietnam
7%
Zambia
7%
Zimbabwe
7%
Armenia
0%
Bahamas
0%
Bangladesh
0%
Barbados
0%
Botswana
0%
Brunei
0%
Burkina Faso
0%
Burundi
0%
Cambodia
0%
Cape Verde
0%
Comoros
0%
Cyprus
0%
Djibouti
0%
Dominica
0%
East Timor
0%
Equatorial Guinea
0%
Eritrea
0%
Eswatini
0%
Ethiopia
0%
Federated States of Micronesia
0%
Gabon
0%
Gambia
0%
Georgia
0%
Grenada
0%
Guinea-Bissau
0%
Guyana
0%
Ivory Coast
0%
Jordan
0%
Kazakhstan
0%
Kenya
0%
Kiribati
0%
Laos
0%
Lesotho
0%
Liechtenstein
0%
Madagascar
0%
Malawi
0%
Malaysia
0%
Maldives
0%
Marshall Islands
0%
Mauritius
0%
Moldova
0%
Mongolia
0%
Mozambique
0%
Myanmar
0%
Nepal
0%
Papua New Guinea
0%
Paraguay
0%
Philippines
0%
Saint Kitts and Nevis
0%
Saint Lucia
0%
Saint Vincent and the Grenadines
0%
Samoa
0%
São Tomé and Príncipe
0%
Saudi Arabia
0%
Seychelles
0%
Sierra Leone
0%
Slovakia
0%
Slovenia
0%
Solomon Islands
0%
Somalia
0%
South Africa
0%
Sri Lanka
0%
Suriname
0%
Switzerland
0%
Tajikistan
0%
Thailand
0%
Tonga
0%
Trinidad and Tobago
0%
Tunisia
0%
Uruguay
0%
Uzbekistan
0%
Vanuatu
0%
No matching quizzes found
Score Distribution
Percent of People with Each Score
Percentile by Number Answered
Your Score History
You have not taken this quiz